000
00228nam a22001097a 4500
082
_a
621.9 PET
100
_a
PETERS GEOFF
_9
78202
245
_a
POWER TOOLS
260
_a
LONDON
_b
MAJ HAIDER
_c
1964
300
_a
126P
942
_c
BK
999
_c
583363
_d
583363